| 000 | 00483nam a22001937a 4500 | ||
|---|---|---|---|
| 003 | OSt | ||
| 005 | 20250922134226.0 | ||
| 008 | 250922b |||||||| |||| 00| 0 eng d | ||
| 040 | _cMUST | ||
| 082 | _aQT4 S48p 1976 | ||
| 100 |
_aSelkurk, Ewalt E _919388 |
||
| 245 |
_aPhysiology/ _cedited by Ewald E. Selkurt |
||
| 250 | _a21 ed. | ||
| 260 |
_aBoston: _bLittle Brown . _c1976 |
||
| 300 |
_a879p. _c23cm |
||
| 504 | _aincludes indexes | ||
| 650 | _2Physiology | ||
| 942 |
_2z _cO_SHELF |
||
| 999 |
_c9523 _d9523 |
||